| 000 | 01064cam a22003257a 4500 | ||
|---|---|---|---|
| 003 | CHAP | ||
| 005 | 20220817041352.0 | ||
| 008 | 971013s1976 r 00010 d | ||
| 010 | _a12432 | ||
| 011 | _a13404 | ||
| 035 | _a17475 | ||
| 040 | _cCHAP | ||
| 082 |
_a080 _bS4 v.238 |
||
| 100 | 0 | 0 |
_aCarrión, Benjamín. _919561 |
| 245 | 0 |
_aJosé Carlos Maríategui _b: el precursor, el anticipador, el suscitador |
|
| 260 |
_aMéxico, D.F. : _bSecretaría de Educación Pública, _c1976 |
||
| 300 |
_a183 p. _b: ilus. |
||
| 490 | 0 |
_aSEP/ Setentas _v; 238 |
|
| 590 |
_aBATCH-UPD _b10 _c20130110 _lUCH01 _h1822 |
||
| 590 |
_aBATCH-UPD _b10 _c20130410 _lUCH01 _h1156 |
||
| 590 |
_aBATCH-UPD _b10 _c20130914 _lUCH01 _h1907 |
||
| 590 |
_aCONVERSION _b10 _c20130109 _lUCH01 _h1308 |
||
| 650 | 1 | 4 |
_aPeriodistas peruanos. _987183 |
| 650 | 1 | 4 |
_aPerú _xCondiciones sociales. _987220 |
| 700 | 0 |
_aMariategui, José Carlos. _971361 |
|
| 830 | 0 |
_aSEP. Setentas _v; 238 |
|
| 901 | _aBK | ||
| 942 | _cLIBRO | ||
| 949 |
_a080 S4 v.238 _bBC _cLIBRO _d33724000310074 _eLIBRO _h44466 _i17475 _si |
||
| 999 |
_c12432 _d12432 |
||